000 00970aaa a2200265 a 4500
999 _c329532
_d329532
003 BLK
005 20250430144105.0
008 180911b bul||||| |||| 00| 0 bul d
020 _a9789542722458
040 _aBLK
041 _aBUL
_cBUL
080 _aАмериканска литература (на САЩ)
_b821.111(73)
_x-312.9
_z821.111(73)-312.9
100 _aТейлър, Лейни
_eпърви автор
_91299
139 _aТейлър, Лейни
_bТ 45
245 _aМузата на кошмарите
_cЛейни Тейлър; прев. Кристина Георгиева
260 _c2018
_9209434
_aСофия
_bЕгмонт България
300 _a528 с.
_c21 см
380 _aX
700 _9381414
_aГеоргиева, Кристина Николаева
_eпрев. от англ.
852 _bП
_cП 820(73)-31/Т 45
_aЦб 295184
942 _cKNG
_2udc
_n0
_015
999 _d329532
999 _d329532
999 _d329532
944 _k30531
_lЦветелина Шанова